| 000 | 00635nam a2200253 a 4500 | ||
|---|---|---|---|
| 003 | AR-BaBNM | ||
| 005 | 20251128205914.0 | ||
| 008 | 082120s2002 ||||||||||||||000 | spa|| | ||
| 020 | _a950-05-1038-3 | ||
| 040 | _cAR-BaBNM | ||
| 100 | 1 | _aLoggia, Roberto | |
| 245 | 0 | 0 | _aEl milagro Argentino |
| 260 |
_aBuenos Aires _bEdiciones Corregidor _c[s.f.] |
||
| 300 |
_a127 p. _btablas |
||
| 650 | 4 | _aECONOMIA | |
| 650 | 4 | _aPOLITICA | |
| 650 | 4 | _aGOBIERNO | |
| 650 | 4 | _aHISTORIA ECONOMICA | |
| 650 | 4 | _aHISTORIA POLITICA | |
| 650 | 4 | _aTEORIA ECONOMICA | |
| 650 | 4 | _aRELACIONES INTERNACIONALES | |
| 942 | _cBK | ||
| 998 | _cMariana | ||
| 999 |
_c13232 _d13232 |
||